| 000 | 01452cam a2200361 a 4500 | ||
|---|---|---|---|
| 001 | oceanvujogtobeac00wood | ||
| 003 | CaSfIA | ||
| 005 | 20210118194117.0 | ||
| 007 | cr|||| | ||
| 008 | 880119s1988 nyu 000 1 eng | ||
| 010 | _a 88001983 | ||
| 040 |
_aDLC _cDLC _dBTCTA _dYDXCP _dOTP _dCaSfIA |
||
| 020 |
_a0312018304 : _c$17.95 |
||
| 020 | _a9780312018306 | ||
| 035 | _a(OCoLC)17440791 | ||
| 050 | 0 | 0 |
_aPS3573.O589 _bO24 1988 |
| 082 | 0 | 4 |
_a813/.54 _219 |
| 100 | 1 | _aWood, Clement Biddle. | |
| 245 | 1 | 0 |
_aOcean vu, jog to beach : _h[electronic resource] _ba novel / _cClement Biddle Wood. |
| 250 | _a1st ed. | ||
| 260 |
_aNew York : _bSt. Martin's Press, _cc1988. |
||
| 300 |
_aix, 308 p. ; _c22 cm. |
||
| 500 | _a"A Thomas Dunne book." | ||
| 740 | 0 | 1 | _aOcean view, jog to beach. |
| 856 | 4 | 1 |
_uhttp://www.archive.org/details/oceanvujogtobeac00wood _zFree eBook from the Internet Archive |
| 856 | 4 | 2 |
_uhttp://www.openlibrary.org/books/OL2526774M _zAdditional information and access via Open Library |
| 029 | 1 |
_aYDXCP _b180199 |
|
| 029 | 1 |
_aNZ1 _b3438031 |
|
| 029 | 1 |
_aAU@ _b000005708026 |
|
| 942 | _cEB | ||
| 506 | _fНеобхідна авторизація на https://archive.org/ (створення облікового запису безкоштовно) | ||
| 506 | _fНеобхідна авторизація на https://openlibrary.org/ (створення облікового запису безкоштовно) | ||
| 999 |
_c532143 _d532143 |
||